000
00288nam a2200121Ia 4500
005
20251222154310.0
008
251222s9999||||xx |||||||||||||| ||spa||
020
_a
84-376-0492-3
082
_a
868.89/F43
100
_a
"Ferreira, Vergílio António"
245
0
_a
Aparición
942
_c
LIB
999
_c
33353
_d
33353